Software engineering: (Record no. 6659)
[ view plain ]
| 000 -LEADER | |
|---|---|
| fixed length control field | 00603nam a22002177a 4500 |
| 003 - CONTROL NUMBER IDENTIFIER | |
| control field | OSt |
| 005 - DATE AND TIME OF LATEST TRANSACTION | |
| control field | 20220107122856.0 |
| 008 - FIXED-LENGTH DATA ELEMENTS--GENERAL INFORMATION | |
| fixed length control field | 191122b xxu||||| |||| 00| 0 eng d |
| 020 ## - INTERNATIONAL STANDARD BOOK NUMBER | |
| International Standard Book Number | 9789353165710 |
| 040 ## - CATALOGING SOURCE | |
| Transcribing agency | IIITMK |
| 082 ## - DEWEY DECIMAL CLASSIFICATION NUMBER | |
| Classification number | 005.1 PRE/S |
| 100 ## - MAIN ENTRY--PERSONAL NAME | |
| Personal name | Pressman, Roger S |
| 9 (RLIN) | 17116 |
| 245 ## - TITLE STATEMENT | |
| Title | Software engineering: |
| Remainder of title | A practitioner's approach |
| Statement of responsibility, etc. | Roger S Pressman |
| 250 ## - EDITION STATEMENT | |
| Edition statement | 8 |
| 260 ## - PUBLICATION, DISTRIBUTION, ETC. | |
| Place of publication, distribution, etc. | Chennai, |
| Name of publisher, distributor, etc. | McGraw Hill Education, |
| Date of publication, distribution, etc. | 2019. |
| 300 ## - PHYSICAL DESCRIPTION | |
| Extent | xxx, 941p. |
| 650 ## - SUBJECT ADDED ENTRY--TOPICAL TERM | |
| Topical term or geographic name entry element | COMPUTER SCIENCE |
| 9 (RLIN) | 17374 |
| 650 ## - SUBJECT ADDED ENTRY--TOPICAL TERM | |
| Topical term or geographic name entry element | SOFTWARE ENGINEERING |
| 9 (RLIN) | 17375 |
| 700 ## - ADDED ENTRY--PERSONAL NAME | |
| Personal name | Maxim, Bruce R |
| 9 (RLIN) | 17117 |
| 942 ## - ADDED ENTRY ELEMENTS (KOHA) | |
| Source of classification or shelving scheme | Dewey Decimal Classification |
| Koha item type | Books |
| Withdrawn status | Lost status | Source of classification or shelving scheme | Damaged status | Not for loan | Collection code | Home library | Current library | Shelving location | Date acquired | Cost, normal purchase price | Total Checkouts | Full call number | Barcode | Date last seen | Date last checked out | Price effective from | Koha item type |
|---|---|---|---|---|---|---|---|---|---|---|---|---|---|---|---|---|---|
| Dewey Decimal Classification | Software Engineering | Kerala University of Digital Sciences, Innovation and Technology Knowledge Centre | Kerala University of Digital Sciences, Innovation and Technology Knowledge Centre | Computer Science | 22/11/2019 | 648.00 | 4 | 005.1 PRE/S | 5589 | 03/10/2022 | 30/09/2022 | 22/11/2019 | Books | ||||
| Dewey Decimal Classification | Software Engineering | Kerala University of Digital Sciences, Innovation and Technology Knowledge Centre | Kerala University of Digital Sciences, Innovation and Technology Knowledge Centre | Computer Science | 22/11/2019 | 648.00 | 4 | 005.1 PRE/S;1 | 5590 | 20/06/2025 | 20/04/2022 | 22/11/2019 | Books |